Reputačný manažment problematika budovania online reputácie v podniku

Na minha lista:
Detalhes bibliográficos
Autor principal: Kubina, Milan
Outros Autores: Pollák, František, 1985-, Svetozarovová, Nella, Zraková, Diana, Strišš, Jozef, Dorčák, Peter, 1979-
Formato: Livro
Idioma:eslovaco
Publicado em: Žilina EDIS-vydavateľské centrum ŽU 2019
Edição:1. vydanie
Assuntos:
Tags: Adicionar Tag
Sem tags, seja o primeiro a adicionar uma tag!

MARC

LEADER 00000nam a2200000 4500
001 0261979
005 20240502074153.9
020 |a 978-80-554-1571-0 
041 0 |a slo 
044 |a SK 
245 1 0 |a Reputačný manažment  |b problematika budovania online reputácie v podniku  |c Milan Kubina, František Pollák, Nella Svetozarovová, Diana Zraková ; recenzenti: Jozef Strišš, Peter Dorčák 
250 |a 1. vydanie 
264 1 |a Žilina  |b EDIS-vydavateľské centrum ŽU  |c 2019 
300 |a [163 s.] [11,23 AH] 
610 2 0 |a reputácia podniku 
610 2 0 |a online reputačný manažment 
610 2 0 |a technológie nové 
610 2 0 |a marketing 
610 2 0 |a internet 
610 2 0 |a značky 
610 2 0 |a médiá sociálne 
610 2 0 |a reklama 
100 1 |a Kubina, Milan 
700 1 |a Pollák, František, 1985- 
700 1 |a Svetozarovová, Nella 
700 1 |a Zraková, Diana 
700 1 |a Strišš, Jozef 
700 1 |a Dorčák, Peter, 1979-